Introduction to the design and analysis of algorithms /

Guardado en:
Autor Principal: Levitin, Anany.
Formato: Libro
Idioma:English
Publicado: Boston, MA : Addison Wesley, 2003.
Materias:
Etiquetas: Agregar Etiqueta
Sin Etiquetas, Sea el primero en etiquetar este registro!
LEADER 00646cam a22002178a 4500
001 DCC.dcic000511
008 020716s2003####mau######b####001#0#eng##
005 20151125105304.0
245 1 0 |a Introduction to the design and analysis of algorithms /  |c Anany Levitin. 
260 |a Boston, MA :  |b Addison Wesley,  |c 2003. 
263 |a 0210 
300 |a p. cm. 
504 |a Incluye referencias bibliográficas e índice. 
020 |a 0201743957 
100 1 |a Levitin, Anany. 
082 0 0 |a 005.1  |2 21 
650 0 |a Computer algorithms. 
010 |a  2002027987 
040 |a DLC  |c DLC  |d DLC 
050 0 0 |a QA76.9.A43  |b L48 2003 
859 |a DCIC  |b BIB. COMPUTACION  |p 1281